| Tag |
First Indicator |
Second Indicator |
Subfields |
| LEADER |
00000cam a2200000 a 4500 |
| 001 |
in00000008465 |
| 005 |
20151003060019.0 |
| 008 |
870916s1987 gw a b 00100 eng d |
| 020 |
|
|
|a 3980094227
|
| 035 |
|
|
|a (OCoLC)16693905
|
| 035 |
|
|
|9 AAA0856AM
|
| 040 |
|
|
|a NBS
|c NBS
|d TXA
|d UtOrBLW
|
| 050 |
|
4 |
|a QC173.59.S65
|b P764 1987
|
| 245 |
0 |
0 |
|a Progress in space-time physics 1987 /
|c editor, James Paul Wesley.
|
| 264 |
|
1 |
|a Blumberg, West Germany :
|b Benjamin Wesley,
|c 1987.
|
| 300 |
|
|
|a x, 280 pages :
|b illustrations ;
|c 21 cm.
|
| 336 |
|
|
|a text
|b txt
|2 rdacontent
|
| 337 |
|
|
|a unmediated
|b n
|2 rdamedia
|
| 338 |
|
|
|a volume
|b nc
|2 rdacarrier
|
| 500 |
|
|
|a "A collection of current research papers ... in space time physics"-- P. [4] of cover.
|
| 504 |
|
|
|a Includes bibliographical references and index.
|
| 650 |
|
0 |
|a Space and time.
|
| 650 |
|
0 |
|a General relativity (Physics)
|
| 700 |
1 |
|
|a Wesley, James Paul.
|
| 999 |
|
|
|a MARS
|
| 999 |
f |
f |
|s 80c78900-99ea-32ac-b66d-9e2e4bee8bc4
|i b4d0b538-9653-3429-9b40-d578dd85e0c9
|t 0
|
| 952 |
f |
f |
|p normal
|a Texas A&M University
|b College Station
|c Sterling C. Evans Library
|d Evans: Library Stacks
|t 0
|e QC173.59.S65 P764 1987
|h Library of Congress classification
|i unmediated -- volume
|m A14812613272
|
| 998 |
f |
f |
|a QC173.59.S65 P764 1987
|t 0
|l Evans: Library Stacks
|